[Event "Challenge"]
[Site "http://www.queenalice.com/game.php?id=819308"]
[Date "2010.8.17"]
[Round "-"]
[White "CristianLonghinoti"]
[Black "teodoricojose"]
[Result "1-0"]
[WhiteElo "1518"]
[BlackElo "1265"]

1. e4 d6 2. d3 Nf6 3. Qf3 g6 4. Nc3 Bg7 5. Nh3 Bg4 6. Qg3 Qc8 7. f3 Nh5 8. Qf2
Bxh3 9. gxh3 c5 10. Bd2 a6 11. Be2 b5 12. Nd5 Bxb2 13. Qh4 f6 14. Rb1 e6 15. Nb6
g5 16. Qxh5+ Kf8 17. Nxc8 Bd4 18. Nxd6 Nc6 19. Qf7# 1-0

[Event "AUTO-OPEN-2078"]
[Site "http://www.queenalice.com/game.php?id=820899"]
[Date "2010.8.20"]
[Round "1"]
[White "johndavidtelker"]
[Black "CristianLonghinoti"]
[Result "1-0"]
[WhiteElo "1779"]
[BlackElo "1479"]

1. d4 d5 2. Nc3 e6 3. e4 Nf6 4. a3 h6 5. e5 Nfd7 6. f4 Rg8 7. Nf3 g5 8. fxg5
hxg5 9. Bxg5 Be7 10. Qd2 Bxg5 11. Nxg5 Rxg5 12. O-O-O Qe7 13. h4 Rh5 14. g3 Nc6
15. Bb5 Na5 16. Bxd7+ Bxd7 17. Rdf1 O-O-O 18. Ne2 Nc6 19. Rf6 Rh7 20. Rhf1 Rf8
21. Qf4 Be8 22. Ng1 b6 23. Nh3 Rg7 24. Ng5 Nd8 25. h5 Bb5 26. Rh1 Rh8 27. h6 Rg6
28. h7 Qf8 29. Nxf7 Qg7 30. Nxh8 Rg4 31. Qh6 Qxh8 32. Rf8 Qxh7 33. Qxe6+ Qd7 34.
Qf6 Rg7 35. Rhh8 Rf7 36. Rxf7 a6 37. Rxd7 Kxd7 38. Rxd8# 1-0

[Event "AUTO-OPEN-2078"]
[Site "http://www.queenalice.com/game.php?id=820900"]
[Date "2010.8.20"]
[Round "1"]
[White "CristianLonghinoti"]
[Black "johndavidtelker"]
[Result "0-1"]
[WhiteElo "1535"]
[BlackElo "1838"]

1. e4 e6 2. Nf3 d5 3. d3 dxe4 4. Ng1 exd3 5. Bxd3 Nf6 6. Nf3 Be7 7. h3 c5 8. c4
Nc6 9. Be3 O-O 10. Nc3 e5 11. Qc2 g6 12. a3 Re8 13. O-O Bf8 14. Nd2 Nd4 15. Qb1
Bd7 16. b4 b6 17. Re1 Bc6 18. b5 Bb7 19. a4 Nh5 20. Qc1 f5 21. Bg5 Qxg5 22. Be2
Qxg2# 0-1

[Event "AUTO-OPEN-2078"]
[Site "http://www.queenalice.com/game.php?id=820927"]
[Date "2010.8.20"]
[Round "1"]
[White "carpielo"]
[Black "CristianLonghinoti"]
[Result "1-0"]
[WhiteElo "1698"]
[BlackElo "1498"]

1. d4 d5 2. e3 e6 3. Nh3 h6 4. Bd3 Bb4+ 5. c3 Bd6 6. O-O c6 7. Qf3 Nf6 8. c4 Bc7
9. e4 Qd6 10. e5 Qe7 11. Na3 Nfd7 12. Qg4 O-O 13. Bxh6 g6 14. Bxg6 Bxe5 15. Bf5+
Kh8 16. Bxf8 Qxf8 17. Qh5+ Kg8 18. Qh7# 1-0

[Event "AUTO-OPEN-2078"]
[Site "http://www.queenalice.com/game.php?id=820928"]
[Date "2010.8.20"]
[Round "1"]
[White "CristianLonghinoti"]
[Black "carpielo"]
[Result "1-0"]
[WhiteElo "1458"]
[BlackElo "1706"]

1. e4 e5 2. Nf3 Qf6 3. d3 Bc5 4. Qe2 Nh6 5. h3 O-O 6. Be3 Bxe3 7. Qxe3 Qb6 8. b3
Na6 9. Nxe5 d6 10. Nc4 Qxe3+ 11. Nxe3 Be6 12. Be2 b5 13. O-O f5 14. a4 bxa4 15.
Rxa4 Nc5 16. Ra3 fxe4 17. Nc3 Nf5 18. b4 Nxe3 19. fxe3 Rxf1+ 20. Bxf1 d5 21.
bxc5 a6 22. dxe4 dxe4 23. Nxe4 Bc4 24. Bxc4+ Kf8 25. Ng5 h6 26. Ne6+ 1-0

[Event "AUTO-OPEN-2078"]
[Site "http://www.queenalice.com/game.php?id=820947"]
[Date "2010.8.20"]
[Round "1"]
[White "CristianLonghinoti"]
[Black "Football_rules"]
[Result "0-1"]
[WhiteElo "1512"]
[BlackElo "1580"]

1. e4 e5 2. d3 Nf6 3. Nf3 Nc6 4. h3 h6 5. c4 d6 6. Bd2 b6 7. b4 a6 8. a3 Be7 9.
Nc3 Be6 10. b5 axb5 11. cxb5 Nd4 12. a4 d5 13. Be3 Nxf3+ 14. Qxf3 d4 15. Nd1
dxe3 16. Qxe3 Bc5 17. Qf3 Qd4 18. Ra2 Qb4+ 19. Ke2 Bxa2 20. g4 Qxa4 21. Nc3 Qc2+
22. Ke1 Qxc3+ 23. Ke2 Qb2+ 24. Ke1 O-O 25. Rh2 Bb3 26. Qe2 Ra1+ 0-1

[Event "AUTO-OPEN-2078"]
[Site "http://www.queenalice.com/game.php?id=820948"]
[Date "2010.8.20"]
[Round "1"]
[White "Football_rules"]
[Black "CristianLonghinoti"]
[Result "1-0"]
[WhiteElo "1620"]
[BlackElo "1499"]

1. e4 e5 2. d3 d6 3. Nf3 c5 4. b3 b5 5. Be3 b4 6. Be2 a5 7. Nbd2 Nf6 8. h3 Be7
9. Nc4 Ba6 10. O-O Bxc4 11. dxc4 O-O 12. Ng5 h6 13. Nf3 Nxe4 14. Qd5 Nc3 15.
Qxa8 Nxe2+ 16. Kh1 Nc3 17. Bd2 Qd7 18. Bxc3 bxc3 19. Rad1 Nc6 20. Qa6 Bf6 21.
Rfe1 Qc7 22. a3 Re8 23. b4 cxb4 24. axb4 axb4 25. Qb5 Rb8 26. Qd5 b3 27. cxb3
Rxb3 28. c5 dxc5 29. Qxc5 Be7 30. Qc4 Qb7 31. Nxe5 Nd8 32. Rd7 Qb6 33. Rxe7 1-0

[Event "AUTO-INT-1794"]
[Site "http://www.queenalice.com/game.php?id=820987"]
[Date "2010.8.20"]
[Round "1"]
[White "dorszu"]
[Black "CristianLonghinoti"]
[Result "1-0"]
[WhiteElo "1757"]
[BlackElo "1488"]

1. Nf3 d6 2. c4 e5 3. Nc3 Na6 4. a3 h6 5. e4 Be7 6. h3 Nf6 7. b4 O-O 8. d3 c5 9.
b5 Nc7 10. Be2 a6 11. b6 Ne6 12. a4 Qxb6 13. Nd5 Nxd5 14. exd5 Nd4 15. Nxd4 Qb4+
16. Bd2 Qb6 17. Nf3 Bf6 18. Rb1 Qd8 19. O-O Qe8 20. Qc2 Bf5 21. Rxb7 e4 22. Ne1
Qc8 23. Rb1 Qd7 24. Rb2 Bxb2 25. Qxb2 Qxa4 26. dxe4 Bxe4 27. Nf3 Rab8 28. Qc3
Rfe8 29. Re1 Rb3 30. Bd1 Reb8 31. Bxb3 Rxb3 32. Ra1 Rxc3 33. Rxa4 Rc2 34. Be3
Bd3 35. Ne1 Rc3 36. Nxd3 Rxd3 37. Rxa6 Rc3 38. Rxd6 Rxc4 39. Rc6 Re4 40. Rxc5
Re5 41. Rc8+ Kh7 42. d6 Rd5 43. Rd8 Kg6 44. d7 f6 45. Kh2 Kf7 46. Bc5 Ke6 47. f4
Rxc5 48. Kg3 Rd5 49. Kf3 Rxd7 50. Rxd7 Kxd7 51. Ke4 Ke7 52. Kf5 Kf7 53. g3 g6+
54. Ke4 f5+ 55. Ke5 Kg7 56. Ke6 Kh7 57. Kf7 h5 58. Kf6 Kh6 59. h4 Kh7 60. Kf7
Kh6 61. Kg8 g5 62. hxg5+ Kg6 63. Kh8 h4 64. gxh4 Kh5 65. Kh7 Kxh4 66. g6 Kg4 67.
g7 Kxf4 68. g8=Q Kf3 69. Qf7 f4 70. Kh6 Ke3 71. Qe6+ Kf2 72. Kg5 f3 73. Qa2+ Kg3
74. Qb1 f2 75. Qf1 Kf3 76. Kh4 Ke3 77. Kg3 Ke4 78. Qxf2 Kd3 79. Kf4 Kc3 80. Ke5
Kb3 81. Qc5 Kb2 82. Kd4 Ka2 83. Qb6 Ka3 84. Kc4 Ka4 85. Qb4# 1-0

[Event "AUTO-INT-1794"]
[Site "http://www.queenalice.com/game.php?id=820988"]
[Date "2010.8.20"]
[Round "1"]
[White "CristianLonghinoti"]
[Black "dorszu"]
[Result "0-1"]
[WhiteElo "1465"]
[BlackElo "1724"]

1. e4 c6 2. d3 d5 3. Nc3 d4 4. Na4 e5 5. Nf3 Nd7 6. Bg5 Ngf6 7. Be2 b5 8. Nc5
Nxc5 9. h3 h6 10. Bd2 a5 11. O-O Be7 12. Nxe5 Bd6 13. Nxc6 Qb6 14. e5 Qxc6 15.
exf6 gxf6 16. Bf3 Qa6 17. Qe2+ Be6 18. Bxa8 Qxa8 19. f3 Rg8 20. Bxh6 Kd7 21. Bd2
Bxh3 22. Rf2 Be6 23. b4 Na6 24. bxa5 Qf8 25. Bh6 Qxh6 26. Rb1 Qh2+ 27. Kf1 Qh1#
0-1

[Event "AUTO-INT-1794"]
[Site "http://www.queenalice.com/game.php?id=821001"]
[Date "2010.8.20"]
[Round "1"]
[White "yannigator"]
[Black "CristianLonghinoti"]
[Result "1-0"]
[WhiteElo "1395"]
[BlackElo "1531"]

1. e4 e5 2. f4 d6 3. Nf3 Nc6 4. Bc4 Qe7 5. O-O exf4 6. d4 Bd7 7. Bxf4 Na5 8. Bd3
c5 9. c3 Rc8 10. e5 Qe6 11. d5 Qxd5 12. b3 Be7 13. exd6 Bxd6 14. Bxd6 Qxd6 15.
Na3 a6 16. Nc4 Nxc4 17. Bxc4 Nh6 18. Qxd6 b5 19. Rae1+ Kd8 20. Ne5 Rc6 21. Qxd7#
1-0

[Event "AUTO-INT-1794"]
[Site "http://www.queenalice.com/game.php?id=821002"]
[Date "2010.8.20"]
[Round "1"]
[White "CristianLonghinoti"]
[Black "yannigator"]
[Result "0-1"]
[WhiteElo "1484"]
[BlackElo "1410"]

1. e4 e5 2. Nf3 Nc6 3. d3 Bc5 4. Qe2 d6 5. Be3 Bb6 6. c4 Nf6 7. Qd2 O-O 8. h3
Nd4 9. Qc3 Nxf3+ 10. gxf3 c5 11. Na3 Be6 12. O-O-O a6 13. f4 exf4 14. Bxf4 Bc7
15. Qb3 b5 16. Bg2 bxc4 17. dxc4 Rb8 18. Qe3 Qe7 19. e5 dxe5 20. Bxe5 Bxe5 21.
Qxe5 Rb6 22. b3 Rd8 23. Rhe1 Rbd6 24. Qxc5 Rxd1+ 25. Rxd1 Rxd1+ 26. Kxd1 Qxc5
27. Nc2 Qxf2 28. Bb7 Qf1+ 29. Kd2 Bxc4 30. Bxa6 Qd3+ 31. Kc1 Bxa6 32. Nb4 Qc3+
33. Kb1 Qxb4 34. Kb2 Ne4 35. a3 Qd2+ 36. Kb1 Bd3+ 37. Ka1 Qc1+ 38. Ka2 Qb1# 0-1

[Event "AUTO-INT-1794"]
[Site "http://www.queenalice.com/game.php?id=821011"]
[Date "2010.8.20"]
[Round "1"]
[White "CristianLonghinoti"]
[Black "mueller"]
[Result "1-0"]
[WhiteElo "1451"]
[BlackElo "1563"]

1. e4 e5 2. d3 Nf6 3. Nf3 Nc6 4. h3 Bc5 5. Qe2 O-O 6. Nc3 a6 7. Na4 Bb4+ 8. Bd2
Bxd2+ 9. Qxd2 d6 10. c4 Be6 11. Ng5 Qe7 12. Be2 Qd7 13. Bf1 Nd4 14. b3 h6 15.
Nxe6 Nxe6 16. Be2 b5 17. Nc3 c6 18. O-O Rfb8 19. a4 bxa4 20. bxa4 Ra7 21. a5
Rab7 22. Qc2 Nd4 23. Qd2 Nb3 24. Qa2 Nxa1 25. Rxa1 Rb2 26. Qa3 R8b3 27. Qa4 Rxc3
28. Re1 Rcc2 29. Kf1 Qb7 30. Bd1 1-0

[Event "AUTO-INT-1794"]
[Site "http://www.queenalice.com/game.php?id=821012"]
[Date "2010.8.20"]
[Round "1"]
[White "mueller"]
[Black "CristianLonghinoti"]
[Result "1-0"]
[WhiteElo "1599"]
[BlackElo "1448"]

1. Nf3 e5 2. Nxe5 Qe7 3. d4 d6 4. Nf3 d5 5. Nc3 c6 6. Bg5 Qe6 7. e3 Be7 8. Bxe7
Nxe7 9. Bd3 h6 10. O-O O-O 11. e4 Nd7 12. Re1 dxe4 13. Nxe4 b6 14. c4 Bb7 15.
Nfg5 Qf5 16. Nh7 Rfe8 17. Nef6+ Qxf6 18. Nxf6+ Nxf6 19. Re3 c5 20. dxc5 bxc5 21.
Qa4 Bc6 22. Qa5 Nd7 23. Rae1 Kf8 24. Qc7 Rec8 25. Qd6 1-0

[Event "AUTO-INT-1814"]
[Site "http://www.queenalice.com/game.php?id=830039"]
[Date "2010.9.9"]
[Round "1"]
[White "kisarsk"]
[Black "CristianLonghinoti"]
[Result "0-1"]
[WhiteElo "1591"]
[BlackElo "1428"]

1. d4 d6 2. e3 Nc6 3. Na3 e5 4. d5 Nce7 5. e4 Nf6 6. Bd3 c5 7. Nb5 a6 8. Nc3 b5
9. a4 c4 10. Be2 Bd7 11. axb5 Bxb5 12. Nxb5 axb5 13. Rxa8 Qxa8 14. c3 Nxe4 15.
Nh3 Nxd5 16. Bf3 Nef6 17. O-O h6 18. Bd2 Nd7 19. b3 N7b6 20. Qc2 Be7 21. Be3 Nd7
22. bxc4 bxc4 23. Qb2 N7f6 24. Ra1 Qc8 25. Qb5+ Qd7 26. Ra8+ Bd8 27. Qxd7+ Kxd7
28. Bc1 Re8 29. Ra7+ Kc8 30. Bd1 Nxc3 31. Bf3 Kb8 32. Ra8+ Kc7 33. Ra7+ Kc8 34.
Rxf7 e4 35. Bxe4 Ncxe4 36. f3 Nc3 37. Ba3 Nb5 38. Bb4 Nd5 39. Bxd6 Nxd6 40. Rxg7
c3 41. Ra7 c2 42. Ra1 Bf6 43. Rc1 Ne3 44. Nf4 Bb2 45. Re1 c1=Q 46. Rxc1+ Bxc1
47. h3 Nef5 48. Nd3 Bd2 49. g4 Nd4 50. f4 Re3 51. Nf2 Rf3 52. f5 Be3 53. Kg2
Bxf2 54. f6 Be3 55. h4 Nf7 56. g5 h5 57. g6 Nh6 58. g7 Rxf6 59. Kg3 Rg6+ 60. Kh3
Rxg7 0-1

[Event "AUTO-INT-1814"]
[Site "http://www.queenalice.com/game.php?id=830040"]
[Date "2010.9.9"]
[Round "1"]
[White "CristianLonghinoti"]
[Black "kisarsk"]
[Result "0-1"]
[WhiteElo "1438"]
[BlackElo "1592"]

1. e4 e5 2. d3 d5 3. Nc3 d4 4. Nb1 f6 5. c4 Bb4+ 6. Bd2 Bxd2+ 7. Qxd2 Nh6 8. b4
Bg4 9. Be2 Qd7 10. b5 a6 11. a4 axb5 12. cxb5 Qe6 13. h3 Bxe2 14. Nxe2 O-O 15.
a5 Qb3 16. Na3 Nd7 17. Rb1 Qxa3 18. b6 cxb6 19. axb6 Ra6 20. Qb4 Qxb4+ 21. Rxb4
Ra1+ 22. Kd2 Rxh1 23. Ng3 Ra1 24. Ne2 Rfa8 25. Rc4 R8a2+ 26. Rc2 Rxc2+ 27. Kxc2
Nc5 28. Kb2 Re1 29. Ng3 Nxd3+ 30. Kc2 Nf4 31. Kd2 Nxg2 32. f3 Nf7 33. Ne2 Nd6
34. h4 Nc4+ 35. Kd3 Nxb6 36. Kd2 Nc4+ 37. Kd3 Nce3 38. Kd2 Rd1# 0-1

[Event "AUTO-INT-1814"]
[Site "http://www.queenalice.com/game.php?id=830053"]
[Date "2010.9.9"]
[Round "1"]
[White "geordieguy"]
[Black "CristianLonghinoti"]
[Result "1-0"]
[WhiteElo "1590"]
[BlackElo "1428"]

1. f4 d6 2. Nf3 e6 3. e4 Nc6 4. Bb5 Bd7 5. Nc3 Nb8 6. Be2 c5 7. d4 Nf6 8. e5 Nh5
9. g4 Nxf4 10. Bxf4 Be7 11. exd6 Bf6 12. g5 Bxd4 13. Nxd4 Nc6 14. Nxc6 Bxc6 15.
Bf3 Rc8 16. Bxc6+ Rxc6 17. Qe2 a6 18. O-O-O O-O 19. d7 b5 20. Qg2 Rb6 21. Ne4 c4
22. Be5 a5 23. Nf6+ Kh8 24. Qe4 a4 25. Qxh7# 1-0

[Event "AUTO-INT-1814"]
[Site "http://www.queenalice.com/game.php?id=830054"]
[Date "2010.9.9"]
[Round "1"]
[White "CristianLonghinoti"]
[Black "geordieguy"]
[Result "0-1"]
[WhiteElo "1428"]
[BlackElo "1601"]

1. e4 c6 2. d3 d5 3. c4 dxe4 4. Nc3 exd3 5. Bxd3 Na6 6. a3 Nc5 7. Be2 Qxd1+ 8.
Nxd1 Nb3 9. Rb1 Bf5 10. Nc3 Bxb1 11. Nxb1 Nxc1 12. Bf1 e6 13. b4 a5 14. bxa5
Rxa5 15. Nf3 Bxa3 16. Nfd2 Bb2 17. g3 Nf6 18. Bg2 O-O 19. O-O Rd8 20. Nb3 Nxb3
21. Re1 Ra1 22. Rf1 Nc1 23. Nd2 Rxd2 24. c5 Ne2+ 25. Kh1 Ng4 26. h3 Nxg3+ 27.
fxg3 Rxf1+ 28. Bxf1 Rh2+ 29. Kg1 Bd4# 0-1

[Event "AUTO-INT-1814"]
[Site "http://www.queenalice.com/game.php?id=830061"]
[Date "2010.9.9"]
[Round "1"]
[White "widad"]
[Black "CristianLonghinoti"]
[Result "1-0"]
[WhiteElo "1588"]
[BlackElo "1459"]

1. d4 d6 2. c4 e6 3. Nc3 Nf6 4. Bg5 Be7 5. Nf3 b6 6. e3 Nh5 7. Bxe7 Qxe7 8. Qc2
c5 9. d5 exd5 10. Nxd5 Qd7 11. Be2 Nf6 12. e4 O-O 13. O-O Qe6 14. Nc7 Qd7 15.
Nxa8 Bb7 16. Nxb6 Qc6 17. Nd5 Nxd5 18. cxd5 Qc7 19. Bc4 Ba6 20. b3 Re8 21. Rfe1
Re7 22. Nd2 h6 23. f4 Qd7 24. e5 dxe5 25. Rxe5 f6 26. Re6 Qd6 27. Rxd6 1-0

[Event "AUTO-INT-1814"]
[Site "http://www.queenalice.com/game.php?id=830062"]
[Date "2010.9.9"]
[Round "1"]
[White "CristianLonghinoti"]
[Black "widad"]
[Result "1-0"]
[WhiteElo "1471"]
[BlackElo "1664"]

1. e4 e5 2. d3 Nc6 3. Nf3 Bc5 4. Qe2 d6 5. Be3 Bxe3 6. Qxe3 Nf6 7. d4 Bg4 8. Ng5
Nxd4 9. Na3 h6 10. Nxf7 Kxf7 11. c3 Nc6 12. b4 a6 13. h3 Be6 14. Bd3 d5 15. O-O
d4 16. Qd2 Rf8 17. c4 Na7 18. b5 axb5 19. cxb5 Kg8 20. Rfb1 b6 21. Nc2 Nc8 22.
Nb4 Nd6 23. Qe2 Qd7 24. Nc6 Rfd8 25. Nxe5 Qe8 26. Qc2 Rac8 27. Rb4 Nd7 28. Nc6
Nc5 29. Rxd4 Bd7 30. e5 Bxc6 31. Bc4+ Nxc4 32. Qxc4+ Kh8 33. a4 Qxe5 34. Rad1
Rxd4 35. Rxd4 Qe1+ 36. Kh2 Be8 37. Rg4 Qxf2 38. Qc3 Qf6 39. Qg3 Bd7 40. Rxg7
Qxg7 41. Qxg7+ Kxg7 42. g3 Re8 43. g4 Re2+ 44. Kg3 Ra2 45. Kf4 1-0

[Event "AUTO-INT-1741"]
[Site "http://www.queenalice.com/game.php?id=884795"]
[Date "2011.1.12"]
[Round "2"]
[White "CristianLonghinoti"]
[Black "Danado"]
[Result "0-1"]
[WhiteElo "1502"]
[BlackElo "1762"]

1. e4 e5 2. d3 d5 3. Nc3 Nf6 4. Be2 Bb4 5. Bd2 dxe4 6. dxe4 Bxc3 7. Bxc3 Qxd1+
8. Rxd1 Nc6 9. Nf3 Bg4 10. O-O Bxf3 11. Bxf3 O-O 12. h3 Rad8 13. b4 a6 14. a4
Rxd1 15. Rxd1 h6 16. b5 axb5 17. axb5 Na7 18. Bxe5 Nxb5 19. c3 Re8 20. Bxf6 gxf6
21. Bh5 Nxc3 22. Rd7 Rf8 23. Rxc7 Nxe4 24. f3 f5 25. f4 b5 26. Rb7 Nc3 27. g4
Ne2+ 28. Kf2 Nxf4 29. Kg3 Nxh5+ 30. gxh5 Kg7 31. Rxb5 Re8 32. Rxf5 f6 33. Kf3
Ra8 34. Kg4 Ra1 35. h4 Kf7 36. Kf4 Ke6 37. Rb5 Rf1+ 38. Ke3 f5 39. Ke2 Rh1 40.
Rb4 Kf7 41. Rf4 Ke6 42. Kd3 Ke5 43. Ke3 Rh3+ 0-1

[Event "AUTO-INT-1741"]
[Site "http://www.queenalice.com/game.php?id=884798"]
[Date "2011.1.12"]
[Round "2"]
[White "CristianLonghinoti"]
[Black "Hagi"]
[Result "0-1"]
[WhiteElo "1489"]
[BlackElo "1768"]

1. e4 d5 2. Nc3 d4 3. Nb1 e5 4. d3 h6 5. Nf3 Nc6 6. c4 Nf6 7. a3 Be7 8. Bd2 O-O
9. b4 a6 10. Be2 b5 11. c5 a5 12. O-O axb4 13. Qc1 bxa3 14. Nxa3 b4 15. Nc2 Bxc5
16. Rxa8 b3 17. Na1 Qd6 18. Nxb3 Bb4 19. Qb2 Bxd2 20. Nfxd2 Nd8 21. Rxc8 g5 22.
Na5 Ne8 23. Nb7 Nxb7 24. Qxb7 Qf6 25. Rc1 Nd6 26. Qxc7 Nxc8 27. Rc6 Qd8 28. Bg4
Qxc7 29. Rxc7 Nd6 30. Nc4 Nb5 31. Nxe5 Nxc7 32. Bh5 f6 33. Ng4 Kg7 34. e5 Rc8
35. exf6+ Kh7 36. f7 Ne6 37. g3 Rc3 38. Ne5 Kg7 39. Kf1 Kf6 40. Nd7+ Ke7 41. Ne5
Rc5 42. Ng4 Rc3 43. Ke2 Rc2+ 44. Kd1 Rc3 45. Kd2 Nc5 46. Bg6 Rxd3+ 47. Ke2 Rc3
48. Nxh6 d3+ 49. Kd2 Rc2+ 50. Kd1 Rxf2 51. h4 Rg2 52. Nf5+ Kf8 53. Bh5 gxh4 54.
gxh4 Rg1+ 55. Kd2 Rg2+ 56. Kd1 Ne4 0-1

[Event "AUTO-INT-1741"]
[Site "http://www.queenalice.com/game.php?id=884799"]
[Date "2011.1.12"]
[Round "2"]
[White "Hagi"]
[Black "CristianLonghinoti"]
[Result "1-0"]
[WhiteElo "1733"]
[BlackElo "1496"]

1. d4 d6 2. d5 e5 3. e4 Nf6 4. f3 Nbd7 5. Nc3 c5 6. Qe2 h6 7. Bd2 Be7 8. O-O-O
O-O 9. g4 Nh7 10. h4 a6 11. Nh3 b5 12. a3 Bxh4 13. f4 Bg3 14. fxe5 Bxe5 15. Qg2
Rb8 16. g5 hxg5 17. Nxg5 Nxg5 18. Bxg5 f6 19. Bh6 Qe7 20. Rg1 Rf7 21. Bxg7 Rxg7
22. Qh1 b4 23. axb4 cxb4 24. Na2 b3 25. Nc3 Bf4+ 26. Kb1 Rg3 27. Rxg3+ Bxg3 28.
Qg2 Qe5 29. Rd3 bxc2+ 30. Kxc2 Kf7 31. Rxg3 f5 32. exf5 Qxf5+ 33. Ne4 Qe5 34.
Ng5+ Kf6 35. Qf2+ Ke7 36. Re3 Rb5 37. Rxe5+ Nxe5 38. Bxb5 Nd7 39. Qf7+ Kd8 40.
Qg8+ Kc7 41. Ne6+ 1-0